Particiler (Record no. 9889)

MARC details
000 -BAŞLIK
Sabit Uzunlukta Kontrol Alanı 01244na a2200337 4500
001 - KONTROL NUMARASI
Denetim Alanı 23734
003 - KONTROL NUMARASI IDENTIFIER
Denetim Alanı MIRAKIL
005 - SON İŞLEM TARİHİ VE ZAMANI
Denetim Alanı 20181213155300.0
008 - SABİT-BOY VERİ ELEMANLARI - GENEL BİLGİLER
Sabit Uzunlukta Kontrol Alanı 171219b tu 000 0
020 ## - ULUSLARARASI STANDART KİTAP NUMARASI
Uluslararası Standart Kitap Numarası 9789750508196
040 ## - KATALOGLAMA KAYNAK
Orijinal Kataloglama Ajansı Milas
Kataloglama Dili tur
Metne Dönüştürmek Ajansı TR-AnCHP
041 ## - DİL KODU
Metin / Ses Parça Veya Ayrı Başlığın Dil Kodu tur
082 ## - DEWEY ONLU SINIFLANDIRMA NUMARASI
Sınıflandırma Numarası 324.209561
Ürün Numarası U97p 2010
090 ## - SINIFLAMA NUMARASI
Sınıflama Numarası 324.209561 U97p 2010
100 ## - ANA GİRİŞ - KİŞİSEL İSİM
Kişisel Ad Uysal, Ayşen
245 ## - BAŞLIK TABLOSU
Başlık Particiler
Başlığın Kalan Türkiye'de partiler ve sosyal ağların inşası
Sorumluluk Tablosu, Vb Ayşen Uysal, Oğuz Topak
246 ## - UNVAN FORM VARYING
Başlık Doğru / Kısa Başlığı Türkiye'de partiler ve sosyal ağların inşası
260 ## - YAYIN, DAĞITIM, VB
Yayın, Dağıtım, Vb Yeri İstanbul
Yayıncı, Dağıtıcı, Vs Adı İletişim Yayınları
Yayın, Dağıtım, Vb Tarihi 2010
Üretici Firma sena ofset
300 ## - FİZİKSEL TANIM
Kapsam 223 s.
Diğer Fiziksel Ayrıntıları tbl. , fotğ. , grf.
Boyutlar 20 sm.
440 ## - SERİSİ TABLOSU / KATMA GİRİŞİ - BAŞLIK
Başlık İletişim Yayınları
Hacim / Ardışık Tanımı 1529
490 ## - SERİSİ TABLOSU
Seri Beyanı Araştırma-İnceleme
Hacim / Ardışık Tanımı 253
610 ## - KONU KATMA GİRİŞ - TOPLANTI ADI
Giriş Elemanı Olarak Kurumsal Ad Veya Yargı Alanı Adı Milliyetçi Hareket Partisi (MHP)
Genel Alt Bölüm Propaganda ve ideolojiler
610 ## - KONU KATMA GİRİŞ - TOPLANTI ADI
Giriş Elemanı Olarak Kurumsal Ad Veya Yargı Alanı Adı Adalet ve Kalkınma Partisi (AKP)
Genel Alt Bölüm Propaganda ve ideolojiler
610 ## - KONU KATMA GİRİŞ - TOPLANTI ADI
Giriş Elemanı Olarak Kurumsal Ad Veya Yargı Alanı Adı Cumhuriyet Halk Partisi (CHP)
Genel Alt Bölüm Propaganda ve ideolojiler
650 ## - KONU KATMA GİRİŞ - TOPİKAL DÖNEM
Topikal Süreli Veya Coğrafi Ad Giriş Elemanı Siyasetçiler
Genel Alt Bölümü Söylev ve Demeçler
Coğrafi Alt Bölümü Türkiye
650 ## - KONU KATMA GİRİŞ - TOPİKAL DÖNEM
Topikal Süreli Veya Coğrafi Ad Giriş Elemanı Siyasal partiler
Coğrafi Alt Bölümü Türkiye
650 ## - KONU KATMA GİRİŞ - TOPİKAL DÖNEM
Topikal Süreli Veya Coğrafi Ad Giriş Elemanı Siyaset ve yönetim
Genel Alt Bölümü Türkiye
710 ## - KATMA GİRİŞ - KURUMSAL ADI
Giriş Elemanı Olarak Kurumsal Ad Veya Yargı Alanı Adı Topak, Oğuz
740 ## - KATMA GİRİŞ - KONTROLSUZ İLGİLİ / ANALİTİK BAŞLIK
Kontrol Edilmeyen / İlgili Analitik Başlıktaki Türkiye'de partiler ve sosyal ağların inşası
942 ## - EKLENDİ GİRİŞ ELEMANLARI (KOHA)
Sınıflandırma Veya Raf Düzeni Kaynak
Koha Öğesi Türü Books
999 ## - SİSTEM KONTROL NUMARALARI (KOHA)
Koha Biblionumber 9889
Koha Biblioitemnumber 9889
Holdings
Kalıcı Konum Mevcut Konum Edinme Tarihi Edinim Kaynak Toplam Check-Out'Lar Tam Çağrı Numarası Barkod Tarih Son Görülme İtibaren Geçerli Fiyatlar Koha Öğesi Türü
CHP Kütüphanesi CHP Kütüphanesi 12/19/2017 Bağış   324.209561 U97p 2010 017730 12/19/2017 12/19/2017 Books